| 000 | 01252cam a22002775a 4500 | ||
|---|---|---|---|
| 001 | L141800 | ||
| 008 | 071221s2007 xxka f s 001 0 eng d | ||
| 020 | _a9780750652810 | ||
| 035 | _a(Sirsi) u141800 | ||
| 041 | 0 | _aeng | |
| 050 | 0 | 4 | _a720 $2 18 |
| 100 | 1 | _aLittlefield, David | |
| 245 | 0 | 0 | _aMetric Handbook |
| 250 | _a3rd ed. | ||
| 260 |
_aLondon _bButterworth _c2007 |
||
| 300 |
_a1v. _bill. _c30cm. |
||
| 350 | _a29.99 | ||
| 520 | _aMajor design reference tool containing planning and design data aimed at architects. Each chapter includes illustrations of ideal layouts and dimensions for different types of building. Includes references to key legislation and standards setting out minimum space requirements and further reading. Provides guidance on how to use the information. Deals with buildings primarily, but also broader design aspects including materials, acoustics, lighting and data on human space requirements. This third edition has been updated to take account of recent legislative changes. | ||
| 521 | 2 | _aAdvanced | |
| 590 | _aKA | ||
| 651 | 4 | _aInternational | |
| 690 | _aBUILT ENVIRONMENT-CONSTRUCTION DESIGN | ||
| 690 |
_aProject management _96261 |
||
| 690 | _aMANAGEMENT-FACILITIES MANAGEMENT | ||
| 942 | _n0 | ||
| 999 |
_c107773 _d107773 |
||